000 00691nam a2200181 a 4500
008 060517s2005 ||||||||||||||||| || u
020 _a0821357476
050 _aIBRD(058)GEP/2005
110 _aWorld Bank
245 1 0 _aGlobal economic prospects 2005: trade, regionalism, and development
260 _aWashington, D. C.
_bWorld Bank
_c2005
300 _axxv;151p.; ill.
350 _a0.00
490 _aglobal economic prospects
500 _a2005
650 _aINTERNATIONAL ECONOMIC RELATIONS--TRADE AGREEMENTS
995 _D0.00
_FCBU-MAIN LIBRARY (Kitwe)
_H1
_I0.00
_M1
_UAVAILABLE
_WMay 17, 2006
_ZInternational Publications
999 _c44641
_d44641